Información general sobre Región de Desarrollo La Fortuna
El Instituto de Tierras y Colonización (ITCO) cuenta con varias zonas o regiones de desarrollo, una de las cuales es la de la ortuna de San Carlos. En el documento se proporciona alguna información sobre ésta, atinente a: los asentamientos campesinos que en ella se ubican, las características de la...
Kaydedildi:
| Müşterek Yazar: | |
|---|---|
| Materyal Türü: | Metin |
| Baskı/Yayın Bilgisi: |
San José:
El Instituto
|
| Konular: | |
| Etiketler: |
Etiketle
Etiket eklenmemiş, İlk siz ekleyin!
|
MARC
| LEADER | 00000 a a2200000 04500 | ||
|---|---|---|---|
| 001 | 13360 | ||
| 003 | |||
| 040 | |||
| 090 | |a 026600 | ||
| 110 | |a Instituto de Tierras y Colonización (Costa Rica) | ||
| 245 | |a Información general sobre Región de Desarrollo La Fortuna | ||
| 260 | |a San José: |b El Instituto | ||
| 300 | |a 3 p. | ||
| 300 | |b **no definido** | ||
| 520 | |a El Instituto de Tierras y Colonización (ITCO) cuenta con varias zonas o regiones de desarrollo, una de las cuales es la de la ortuna de San Carlos. En el documento se proporciona alguna información sobre ésta, atinente a: los asentamientos campesinos que en ella se ubican, las características de la zona (como: uso potencial del suelo, cultivos, clima, etc.) y los programas del ITCO para los diversos asentamientos (vivienda, relación con los beneficiarios, coordinación interinstitucional, población beneficiada, acceso a los asentamientos, etc.). EB/mb | ||
| 650 | |a FORTUNA, San Carlos |z -cal | ||
| 650 | |a COLONIZACION RURAL | ||
| 650 | |a ASENTAMIENTOS HUMANOS | ||
| 650 | |a USO DE LA TIERRA | ||
| 650 | |a ASENTAMIENTOS HUMANOS | ||
| 999 | |c 13225 |d 13225 | ||
